Sociálny rozvoj a kvalita života v kontexte makroekonomickej nerovnováhy elektronický zborník príspevkov z medzinárodnej vedeckej konferencie : 17. a 18. mája 2012, Veľký Meder

Guardado en:
Detalles Bibliográficos
Autores Corporativos: Sociálny rozvoj a kvalita života v kontexte makroekonomickej nerovnováhy. Medzinárodná vedecká konferencia, Národohospodárska fakulta EU. Katedra sociálneho rozvoja a práce, Trexima
Otros Autores: Frišták, Ján, Laluha, Ivan
Formato: Libro
Lenguaje:eslovaco
checo
inglés
Publicado: Bratislava [Vydavateľstvo EKONÓM] 2012
Materias:
Etiquetas: Agregar Etiqueta
Sin Etiquetas, Sea el primero en etiquetar este registro!

MARC

LEADER 00000nlm a2200000 4500
001 0152780
005 20221221130603.6
020 |a 978-80-225-3398-0 
041 0 |a slo 
041 0 |a cze 
041 0 |a eng 
044 |a SK 
245 1 0 |a Sociálny rozvoj a kvalita života v kontexte makroekonomickej nerovnováhy  |b elektronický zborník príspevkov z medzinárodnej vedeckej konferencie : 17. a 18. mája 2012, Veľký Meder 
264 1 |a Bratislava  |b [Vydavateľstvo EKONÓM]  |c 2012 
300 |a CD-ROM [714 s.] 
500 |a Súbor nemá príponu, ide o "pdf" súbor, potrebné otvárať v programe "Adobe Reader". 
610 2 0 |a rozvoj sociálny 
610 2 0 |a rozvoj sociálno-ekonomický 
610 2 0 |a kvalita života 
610 2 0 |a nerovnováha hospodárska 
610 2 0 |a makroekonomika 
610 2 0 |a úroveň životná 
610 2 0 |a štát sociálny 
610 2 0 |a Slovensko 
610 2 0 |a Česko 
700 1 |a Frišták, Ján 
700 1 |a Laluha, Ivan 
110 2 |a Sociálny rozvoj a kvalita života v kontexte makroekonomickej nerovnováhy. Medzinárodná vedecká konferencia 
710 2 |a Národohospodárska fakulta EU. Katedra sociálneho rozvoja a práce 
710 2 |a Trexima